000 00498nam a2200181Ia 4500
005 20250317122812.0
008 008 250317s9999 xx 000 0 eng d
037 _aTextbook
040 _aFMSL
_beng
_cFMSL
041 _aeng
_2eng
084 _aX:8 N4
_qFMSL
100 _aLEABO
_9739644
245 0 _aBasic statistics for business & economics
260 _aIllinois
_bIllinois, Irwin
_c1964
300 _a479p
942 _cTB
_hX:8 N4
999 _c1248711
_d1248711